000 02530nam0a2200481 4500
001 RU\NLR\bibl\404006
005 20260406134359.0
010 _a5-7107-5915-5
_920000
021 _aRU
_b2003-13688
_9633
035 _a(NLR Aleph) 000398141
090 _a558030
_c558030
100 _a20030521d2002 |||y0rusy50 ca
101 0 _arus
102 _aRU
105 _aa |||||||||
200 1 _aМатематика
_eАлгебра. Функции. Анализ данных
_e8 кл.
_eУчеб. для общеобразоват. учеб. заведений
_f[Г. В. Дорофеев, С. Б. Суворова, Е. А. Бунимович и др.]
_gПод ред. Г. В. Дорофеева
205 _a4-е изд., стер.
210 _aМ.
_cДрофа
_d2002
215 _a303, [1] с.
_cил.
_d23
300 _aАвт. указаны на обороте тит. л.
606 0 _aАлгебра
_jРуководства, пособия и т.п. для средней школы
_9922117
_3RU\NLR\auth\6619328
606 0 _aАлгебра
_jУчебники для средней школы
_9922117
_3RU\NLR\auth\6619328
606 0 _aФункции
_jРуководства, пособия и т.п. для средней школы
_9907725
_3RU\NLR\auth\6611241
606 0 _aФункции
_jУчебники для средней школы
_9907725
_3RU\NLR\auth\6611241
606 0 _aЭксперимент
_jРуководства, пособия и т.п. для средней школы
_xОбработка данных
_91721905
_3RU\NLR\auth\66768457
606 0 _aАнализ данных
_jУчебники для средней школы
_92244810
_3RU\NLR\auth\661346787
675 _a373.167.1:51
_v3
_zrus
675 _a51(075.3)
_v3
_zrus
686 _a14.25
_2rugasnti
686 _a22.1я72
_2rubbk
686 _aВ151я721-1
686 _aВ161.13я721-1
686 _aВ192.11я721-1
701 1 _4570
_8rus
_7ca
_aДорофеев
_bГ. В.
_f1938-2008
_gГеоргий Владимирович
_3RU\NLR\AUTH\772205
_9112221
701 1 _4070
_8rus
_7ca
_aСуворова
_bС.Б.
_cматематик
_gСветлана Борисовна
_3RU\NLR\auth\7726293
_99336
701 1 _4070
_7ca
_8rus
_aБунимович
_bЕ. А.
_f1954-
_gЕвгений Абрамович
_9268930
_3RU\NLR\AUTH\770268986
801 0 _aRU
_bRKP
_c20030521
_gPSBO
801 1 _aRU
_bRKP
_c20030521
801 2 _aRU
_bNLR
_c20050621
_grcr
942 _cBOOK
980 _aNB